The No. 1 ladies' detective agency / (Record no. 15664)
[ view plain ]
| 000 -LEADER | |
|---|---|
| fixed length control field | 01684cam a2200385 a 4500 |
| 001 - CONTROL NUMBER | |
| control field | 13908698 |
| 003 - CONTROL NUMBER IDENTIFIER | |
| control field | EG-ScBUE |
| 005 - DATE AND TIME OF LATEST TRANSACTION | |
| control field | 20220625123908.0 |
| 008 - FIXED-LENGTH DATA ELEMENTS--GENERAL INFORMATION | |
| fixed length control field | 050323s2008 enka f 000 000 f eng d |
| 020 ## - INTERNATIONAL STANDARD BOOK NUMBER | |
| International Standard Book Number | 9781405881982 |
| 040 ## - CATALOGING SOURCE | |
| Original cataloging agency | DLC |
| Language of cataloging | eng |
| Description conventions | rda |
| Transcribing agency | DLC |
| Modifying agency | DLC |
| -- | EG-ScBUE |
| 043 ## - GEOGRAPHIC AREA CODE | |
| Geographic area code | f-bs--- |
| 082 04 - DEWEY DECIMAL CLASSIFICATION NUMBER | |
| Classification number | 823.914 |
| Edition number | 22 |
| Item number | SMI |
| 100 1# - MAIN ENTRY--PERSONAL NAME | |
| Personal name | McCall Smith, Alexander, |
| Dates associated with a name | 1948- |
| Relator term | author. |
| 9 (RLIN) | 26148 |
| 245 14 - TITLE STATEMENT | |
| Title | The No. 1 ladies' detective agency / |
| Statement of responsibility, etc | Alexander McCall Smith ; retold by Anne Collins. |
| 246 3# - VARYING FORM OF TITLE | |
| Title proper/short title | Number One Ladies' Detective Agency |
| 264 #1 - PUBLICATION, DISTRIBUTION, ETC. (IMPRINT) | |
| Place of publication, distribution, etc | Harlow, England : |
| Name of publisher, distributor, etc | Pearson Education Limited, |
| Date of publication, distribution, etc | 2008. |
| 300 ## - PHYSICAL DESCRIPTION | |
| Extent | 56 pages : |
| Other physical details | color illustrations ; |
| Dimensions | 22 cm. |
| 336 ## - CONTENT TYPE | |
| Source | rdacontent |
| Content type term | text |
| Content type code | txt |
| 337 ## - MEDIA TYPE | |
| Source | rdamedia |
| Media type term | unmediated |
| Media type code | n |
| 338 ## - CARRIER TYPE | |
| Source | rdacarrier |
| Carrier type term | volume |
| Carrier type code | nc |
| 490 0# - SERIES STATEMENT | |
| Series statement | Penguin readers ; |
| Volume number/sequential designation | Level 3 |
| 521 ## - TARGET AUDIENCE NOTE | |
| Target audience note | B1: Pre-Intermediate |
| 600 17 - SUBJECT ADDED ENTRY--PERSONAL NAME | |
| Personal name | Ramotswe, Precious |
| Titles and other words associated with a name | (Fictitious character) |
| Form subdivision | Fiction. |
| Source of heading or term | BUEsh |
| 650 #7 - SUBJECT ADDED ENTRY--TOPICAL TERM | |
| Topical term or geographic name as entry element | Women private investigators |
| Geographic subdivision | Botswana |
| Form subdivision | Fiction. |
| Source of heading or term | BUEsh |
| 9 (RLIN) | 26150 |
| 650 #7 - SUBJECT ADDED ENTRY--TOPICAL TERM | |
| Topical term or geographic name as entry element | No. 1 Ladies' Detective Agency (Imaginary organization) |
| Form subdivision | Fiction. |
| Source of heading or term | BUEsh |
| 9 (RLIN) | 26151 |
| 653 ## - INDEX TERM--UNCONTROLLED | |
| Arrived date list | July2011 |
| Resource For college | Humanities: English |
| 655 ## - INDEX TERM--GENRE/FORM | |
| Form subdivision | Reading book |
| 9 (RLIN) | 34232 |
| 700 1# - ADDED ENTRY--PERSONAL NAME | |
| 9 (RLIN) | 12524 |
| Personal name | Abrams, Anne Collins, |
| Relator term | contributor. |
| 856 42 - ELECTRONIC LOCATION AND ACCESS | |
| Materials specified | Contributor biographical information |
| Uniform Resource Identifier | <a href="http://www.loc.gov/catdir/enhancements/fy0624/2005047587-b.html">http://www.loc.gov/catdir/enhancements/fy0624/2005047587-b.html</a> |
| 856 42 - ELECTRONIC LOCATION AND ACCESS | |
| Materials specified | Publisher description |
| Uniform Resource Identifier | <a href="http://www.loc.gov/catdir/enhancements/fy0624/2005047587-d.html">http://www.loc.gov/catdir/enhancements/fy0624/2005047587-d.html</a> |
| 942 ## - ADDED ENTRY ELEMENTS (KOHA) | |
| Source of classification or shelving scheme | Dewey Decimal Classification |
| Koha item type | Book - Borrowing |
| Withdrawn status | Lost status | Source of classification or shelving scheme | Damaged status | Not for loan | Collection code | Home library | Current library | Shelving location | Date acquired | Source of acquisition | Cost, normal purchase price | Serial Enumeration / chronology | Total Checkouts | Total Renewals | Full call number | Barcode | Date last seen | Date checked out | Price effective from | Koha item type | Public note |
|---|---|---|---|---|---|---|---|---|---|---|---|---|---|---|---|---|---|---|---|---|---|
| Dewey Decimal Classification | Baccah | Central Library | Central Library | Second Floor | 06/07/2011 | Purchase | 80.00 | 12631 | 3 | 2 | 823.914 SMI | 000024317 | 15/07/2025 | 17/05/2015 | 06/07/2011 | Book - Borrowing | |||||
| Dewey Decimal Classification | Baccah | Central Library | Central Library | Second Floor | 06/07/2011 | Purchase | 823.914 SMI | 000024319 | 24/08/2022 | 06/07/2011 | CD | DVD - With book | Disc 1 | |||||||||
| Dewey Decimal Classification | Baccah | Central Library | Central Library | Second Floor | 06/07/2011 | Purchase | 823.914 SMI | 000024318 | 24/08/2022 | 06/07/2011 | CD | DVD - With book | Disc 2 |